Hyperboloid, instanton, oscillator; Physics Letters B; Vol. 636, iss. 2
| Parent link: | Physics Letters B: Particle Physics, Nuclear Physics and Cosmology Vol. 636, iss. 2.— 2006.— [P. 137–141] |
|---|---|
| প্রধান লেখক: | |
| অন্যান্য লেখক: | , |
| সংক্ষিপ্ত: | Title screen We suggest the exactly solvable model of the oscillator on a four-dimensional hyperboloid which interacts with a SU(2) instanton. We calculate its wavefunctions and spectrum. Режим доступа: по договору с организацией-держателем ресурса |
| ভাষা: | ইংরেজি |
| প্রকাশিত: |
2006
|
| বিষয়গুলি: | |
| অনলাইন ব্যবহার করুন: | http://dx.doi.org/10.1016/j.physletb.2006.03.044 |
| বিন্যাস: | বৈদ্যুতিক গ্রন্থের অধ্যায় |
| KOHA link: | https://koha.lib.tpu.ru/cgi-bin/koha/opac-detail.pl?biblionumber=641573 |
MARC
| LEADER | 00000naa0a2200000 4500 | ||
|---|---|---|---|
| 001 | 641573 | ||
| 005 | 20250331103911.0 | ||
| 035 | |a (RuTPU)RU\TPU\network\6490 | ||
| 035 | |a RU\TPU\network\6489 | ||
| 090 | |a 641573 | ||
| 100 | |a 20150521d2006 k||y0rusy50 ba | ||
| 101 | 0 | |a eng | |
| 102 | |a US | ||
| 135 | |a drcn ---uucaa | ||
| 181 | 0 | |a i | |
| 182 | 0 | |a b | |
| 200 | 1 | |a Hyperboloid, instanton, oscillator |f S. Bellucci, L. Mardoyan , A. P. Nersessian | |
| 203 | |a Text |c electronic | ||
| 300 | |a Title screen | ||
| 320 | |a [References: p. 140-141 (18 tit.)] | ||
| 330 | |a We suggest the exactly solvable model of the oscillator on a four-dimensional hyperboloid which interacts with a SU(2) instanton. We calculate its wavefunctions and spectrum. | ||
| 333 | |a Режим доступа: по договору с организацией-держателем ресурса | ||
| 461 | |t Physics Letters B |o Particle Physics, Nuclear Physics and Cosmology | ||
| 463 | |t Vol. 636, iss. 2 |v [P. 137–141] |d 2006 | ||
| 610 | 1 | |a электронный ресурс | |
| 610 | 1 | |a труды учёных ТПУ | |
| 700 | 1 | |a Bellucci |b S. |g Stefano | |
| 701 | 1 | |a Mardoyan |b L. |g Levon | |
| 701 | 1 | |a Nersessian |b A. P. |c physicist |c Professor of Tomsk Polytechnic University |f 1964- |g Armen Petrosovich |3 (RuTPU)RU\TPU\pers\34605 |9 17967 | |
| 801 | 2 | |a RU |b 63413507 |c 20150521 |g RCR | |
| 856 | 4 | |u http://dx.doi.org/10.1016/j.physletb.2006.03.044 | |
| 942 | |c CF | ||